00347pab a2200121 454500008004000000100001900040245007500059260000900134300001600143362001100159650002100170773003400191180718b2006 xxu||||| |||| 00| 0 eng d aVarma, Daya R. aFrom witchcraft to allopathy: uninterrupted journey of medical science c2006 ap.3605-611. a19 Aug aMedical sciences aEconomic and Political Weekly